000 00818nam a22002657a 4500
001 BR4100080
003 BR-BrBNA
005 20230928082912.0
007 ta
008 230509b bl.||||| |||| 00| 0 por d
040 _aBR-BrBNA
_bpor
_cBiblioteca Nacional de Agricultura
041 _a(Por)
072 _aE50; B50
_b/G514
090 _ E50 BR4100080
100 1 _aMartins, R.
245 1 _aQuantos somos e quem somos [demografia, colonizacao, Brasil]
_bDados para a historia e a estatistica do povoamento do Parana
260 3 _aCuritiba, PR (Brasil):
_c1941.
300 _a214 p.
500 _a(*) Documento disponível no(a) Biblioteca Publica do Parana, Curitiba (Brazil)
650 _aCOLONIZACAO
650 _aDEMOGRAFIA
650 _aPARANA
909 _a202309
_bLucia
_c55
_dLucia Elande
942 _cBK
999 _c10522
_d10522